Nyitott akadémia Beszélgetés Telegdy Gyula akadémikussal, a SZAB elnökével

Elmentve itt :
Bibliográfiai részletek
Dokumentumtípus: Cikk
Megjelent: 2003-11-01
Sorozat:Szeged
Kulcsszavak:Telegdy Gyula
Online Access:http://univ.bibl.u-szeged.hu/22005
LEADER 00470nab a2200157 i 4500
001 univ22005
005 20171214104544.0
008 171214s2003 hu o 0|| zxx d
040 |a SZTE UnivHistória Repozitórium  |b hun 
041 |a zxx 
245 0 0 |a Nyitott akadémia   |h [elektronikus dokumentum] :  |b Beszélgetés Telegdy Gyula akadémikussal, a SZAB elnökével 
260 |c 2003-11-01 
300 |a 8-9 
490 0 |a Szeged 
561 |a Egyetemi hirarchívum 
695 |a Telegdy Gyula